[Event "Winterthur"]
[Site "Winterthur"]
[Date "1996.??.??"]
[Round "5"]
[White "King, Daniel J"]
[Black "Forster, Richard"]
[Result "1-0"]
[WhiteElo "2535"]
[BlackElo "2320"]

1.Nf3 Nf6 2.c4 g6 3.g3 Bg7 4.Bg2 O-O 5.O-O c6 6.d4 d6 7.b3 Bg4 8.Bb2 Nbd7
9.Nbd2 e5 10.h3 Bxf3 11.Bxf3 exd4 12.Bxd4 a5 13.Qc2 Nc5 14.e3 Re8 15.a3 Qe7
16.Rad1 Nfd7 17.Bxg7 Kxg7 18.b4 axb4 19.axb4 Ne6 20.Ne4 Ne5 21.Bg2 d5 22.cxd5 cxd5
23.Rxd5 Nc7 24.Rdd1 Nc6 25.Nd6 Red8 26.Nxb7 Rxd1 27.Rxd1 Nxb4 28.Qc3+ Kh6
29.Nd6  1-0

[Event "Winterthur-B"]
[Site "Winterthur"]
[Date "1996.??.??"]
[Round "8"]
[White "Maric, Alisa"]
[Black "Hochstrasser, Michael"]
[Result "1-0"]
[WhiteElo "2460"]
[BlackElo "2295"]

1.Nf3 Nf6 2.c4 g6 3.g3 Bg7 4.Bg2 O-O 5.O-O d6 6.d4 Nc6 7.Nc3 Bf5 8.b3 Ne4
9.Nd5 e6 10.Ne3 Nc3 11.Qd2 Ne4 12.Qb2 Qf6 13.g4 Nxd4 14.Nxd4 Qxd4 15.Qxd4 Bxd4
16.gxf5 Bxa1 17.Bxe4 gxf5 18.Bxb7 Rab8 19.Bg2 Bd4 20.Nc2 Bc5 21.Bh6 Rfc8
22.Bf3 f6 23.Bh5 Rd8 24.Kh1 Rd7 25.Ne1 Kh8 26.Nd3 a5 27.Bf3 Rb6 28.Rd1 Bd4
29.Nf4 Bxf2 30.Nxe6 Rb8 31.Nd4 Bxd4 32.Rxd4 a4 33.bxa4 Rb2 34.Rd2 Rb4 35.Rc2 Rd8
36.a5 Rdb8 37.a6  1-0

[Event "Witley"]
[Site "Witley"]
[Date "1996.??.??"]
[Round "7"]
[White "Quinn, Mark"]
[Black "Bates, Richard"]
[Result "1-0"]
[WhiteElo "2350"]
[BlackElo "2315"]

1.Nf3 Nf6 2.g3 g6 3.Bg2 Bg7 4.c4 O-O 5.Nc3 d6 6.d4 Nbd7 7.O-O e5 8.e4 exd4
9.Nxd4 a6 10.h3 Re8 11.Rb1 Rb8 12.a4 Nc5 13.Re1 a5 14.b3 Bd7 15.Rb2 Qc8 16.Kh2 h5
17.f3 Nh7 18.Be3 c6 19.Rd2 Qc7 20.Nde2 Rbd8 21.Rxd6 Ne6 22.h4 Bc8 23.Rxd8 Rxd8
24.Qc1 Nf6 25.Rd1 Nd7 26.Qc2 Ne5 27.Nf4 Bf8 28.Nxe6 Bxe6 29.Ne2 Be7 30.Nf4 Bg4
31.Rf1 Bc8 32.Kg1 Bb4 33.Rd1 Rd6 34.Kf2 Qd8 35.Ke2 Rxd1 36.Qxd1 Qe7 37.Qd4 Kh7
38.Bh3 Bxh3 39.Nxh3 Qd6 40.Qxd6 Bxd6 41.f4 Nd7 42.Ng5+ Kg7 43.e5 Bb8 44.e6 fxe6
45.Nxe6+ Kf6 46.Nd8 Kf5 47.Kf3 Bd6 48.Nxb7 Bc7 49.Bd2 Nf6 50.Bxa5  1-0

[Event "Yerevan ol (Men)"]
[Site "Yerevan"]
[Date "1996.??.??"]
[Round "2"]
[White "Fridman, Daniel"]
[Black "Odeev, Handszar"]
[Result "1-0"]
[WhiteElo "2500"]
[BlackElo "2410"]

1.Nf3 Nf6 2.c4 g6 3.g3 Bg7 4.Bg2 O-O 5.O-O d6 6.d4 Nbd7 7.Nc3 e5 8.h3 a6
9.Be3 exd4 10.Bxd4 Re8 11.Nd5 Rb8 12.b4 c5 13.Nxf6+ Bxf6 14.Bxf6 Nxf6 15.Rb1 Be6
16.bxc5 dxc5 17.Qxd8 Rexd8 18.Rfc1 h6 19.Rb2 Nd7 20.a4 b6 21.Nd2 f5 22.f4 Kg7
23.Rcb1 a5 24.Kf2 Nf8 25.Nf3 Nd7 26.Nd2 Nf8 27.Nf3 Nd7 28.Rc1 Rbc8 29.Ke1 Kf6
30.Rc3 Bf7 31.Ne5 Nxe5 32.Rxb6+ Nc6 33.Rxc6+ Rxc6 34.Bxc6 g5 35.Rd3 Rg8 36.Rd6+ Ke7
37.Rd7+ Kf6 38.Rxf7+ Kxf7 39.Bd5+ Kf8 40.Bxg8 Kxg8  1-0

[Event "Yerevan ol (Men)"]
[Site "Yerevan"]
[Date "1996.??.??"]
[Round "2"]
[White "Antunes, Antonio"]
[Black "Kaminski, Marcin"]
[Result "1/2-1/2"]
[WhiteElo "2540"]
[BlackElo "2525"]

1.Nf3 Nf6 2.c4 g6 3.g3 Bg7 4.Bg2 O-O 5.O-O c6 6.d4 d5 7.cxd5 cxd5 8.Ne5 e6
9.Nc3 Nfd7 10.f4 Nc6 11.Be3 Nb6 12.Bf2 Ne7 13.Qb3 Bd7 14.a4 a5 15.Rfd1 Bc6
16.Rac1 Nbc8 17.e4 Qb6 18.Qxb6 Nxb6 19.b3 dxe4 20.Nxc6 bxc6 21.Nxe4 Nbd5
22.Nc5  1/2-1/2

[Event "Yerevan ol (Women)"]
[Site "Yerevan"]
[Date "1996.??.??"]
[Round "2"]
[White "Foisor, Cristina Adela B"]
[Black "Baginskaite, Kamile"]
[Result "1-0"]
[WhiteElo "2375"]
[BlackElo "2280"]

1.c4 g6 2.g3 Bg7 3.Bg2 Nf6 4.Nf3 O-O 5.O-O d6 6.Nc3 Nc6 7.d3 Nh5 8.Bd2 f5
9.Qc1 e5 10.Bh6 f4 11.Bxg7 Kxg7 12.Rb1 g5 13.b4 g4 14.Nd2 Nd4 15.Re1 Qf6
16.Nde4 Qg6 17.Qb2 f3 18.e3 Nf5 19.Bf1 Nf6 20.Nxf6 Qxf6 21.d4 Re8 22.c5 Qf7
23.Rbc1 Bd7 24.cxd6 cxd6 25.dxe5 dxe5 26.b5 Rac8 27.Ne4 b6 28.a4 Rxc1 29.Rxc1 Bc8
30.Qb4 Bb7 31.Ng5 Qe7 32.Qxg4 Nh6 33.Qh5 e4 34.Bh3 Bd5 35.Nxf3 Bf7 36.Qg5+ Qxg5
37.Nxg5 Bb3 38.Bg2 Bxa4 39.Nxe4 Re7 40.Nc3 Bb3 41.Bd5 Bxd5 42.Nxd5 Rd7 43.e4 Nf7
44.Rc7 Rxc7 45.Nxc7 Nd6 46.e5 Nc4 47.f4 Kf7 48.Kf2 Ke7 49.Ke2 Kd7 50.Nd5  1-0

[Event "Yerevan ol (Women)"]
[Site "Yerevan"]
[Date "1996.??.??"]
[Round "3"]
[White "Maric, Alisa"]
[Black "Repkova Eid, Eva"]
[Result "1-0"]
[WhiteElo "2460"]
[BlackElo "2345"]

1.Nf3 Nf6 2.c4 g6 3.g3 Bg7 4.Bg2 O-O 5.O-O d6 6.d4 Nbd7 7.Nc3 e5 8.e4 a6
9.h3 Rb8 10.dxe5 dxe5 11.Qc2 c6 12.Rd1 Qc7 13.Be3 b5 14.c5 a5 15.b3 Re8 16.a4 b4
17.Nb1 Nf8 18.Nbd2 Ba6 19.Bf1 Bxf1 20.Kxf1 Ne6 21.Nc4 Nd7 22.Nd6 Red8 23.Ng5 Nxg5
24.Bxg5 Bf6 25.Bh6 Qa7 26.Qc4 Nf8 27.Bxf8 Kxf8 28.Rd3 Kg7 29.Rad1 Ra8 30.f4 exf4
31.gxf4 Qe7 32.e5 Bh4 33.f5 h5 34.f6+ Bxf6 35.exf6+ Qxf6+ 36.Kg2 Qg5+ 37.Rg3  1-0

[Event "Yerevan ol (Women)"]
[Site "Yerevan"]
[Date "1996.??.??"]
[Round "4"]
[White "Foisor, Cristina Adela B"]
[Black "Belakovskaia, Anjelina"]
[Result "1/2-1/2"]
[WhiteElo "2375"]
[BlackElo "2350"]

1.c4 Nf6 2.Nf3 g6 3.g3 Bg7 4.Bg2 O-O 5.O-O d6 6.Nc3 e5 7.d3 h6 8.Rb1 c6 9.b4 a6
10.a4 Be6 11.a5 Nbd7 12.Nd2 Ne8 13.Qc2 f5 14.Nb3 Qf6 15.Bb2 Qf7 16.Na4 Nc7
17.Nb6 Rad8 18.Nd2 Bf6 19.f4 Qg7 20.e3 d5 21.Nb3 e4 22.dxe4 dxe4 23.Nxd7 Bxd7
24.Rfd1 Bc8 25.Bd4 Bxd4 26.Nxd4 Qe7 27.c5 Be6 28.Bf1 Bd5 29.Rd2 Rd7 30.Rbd1 Rfd8
31.Qc3 Bf7 32.Qa3  1/2-1/2

[Event "Yerevan ol (Men)"]
[Site "Yerevan"]
[Date "1996.??.??"]
[Round "5"]
[White "Vaganian, Rafael A"]
[Black "Irzhanov, Ruslan"]
[Result "1/2-1/2"]
[WhiteElo "2595"]
[BlackElo "2535"]

1.Nf3 Nf6 2.c4 g6 3.g3 Bg7 4.Bg2 O-O 5.Nc3 d6 6.O-O Nc6 7.Rb1 a5 8.d3 e5
9.a3 Bf5 10.b4 axb4 11.axb4 Qd7 12.b5 Nd8 13.Bg5 h6 14.Bxf6 Bxf6 15.Nd5 Bg7
16.Nd2 Ra2 17.Ne4 Bxe4 18.Bxe4 c6 19.Nb4 Ra8 20.Bg2 f5 21.bxc6 bxc6 22.Ra1 Rb8
23.Qa4 e4 24.Rab1 Qe6 25.Qa7 Rb7 26.Qa6 Rc7 27.dxe4 fxe4 28.Rbd1 Kh8 29.Nc2 Qe5
30.Qb6 Rb7 31.Qe3 d5 32.Qc5 Qc3 33.Rc1 Qd2 34.cxd5 cxd5 35.Rcd1 Qxe2 36.Rfe1 Qc4
37.Rxd5 Qxc5 38.Rxc5 Ne6 39.Rc4 Ng5 40.Bxe4 Rb2 41.Bg2 Nf3+ 42.Bxf3 Rxf3
43.Rc7 Rc3 44.Re8+ Kh7 45.Rf7 Rcxc2 46.Ree7 Kh8 47.Kf1 h5 48.h4 Ra2  1/2-1/2

[Event "Yerevan ol (Women)"]
[Site "Yerevan"]
[Date "1996.??.??"]
[Round "5"]
[White "Flear, Christine"]
[Black "Ostry, Irina"]
[Result "1/2-1/2"]
[WhiteElo "2220"]
[BlackElo "2240"]

1.Nf3 Nf6 2.c4 g6 3.g3 Bg7 4.Bg2 O-O 5.d4 d6 6.O-O c6 7.Nc3 Bf5 8.Ne1 Qc8
9.e4 Bh3 10.Nd3 Bxg2 11.Kxg2 b5 12.cxb5 cxb5 13.f3 Qb7 14.Be3 Nbd7 15.Kg1 b4
16.Na4 Rab8 17.Qd2 Ne8 18.Rac1 b3 19.axb3 Qxb3 20.Qc2 f5 21.Qxb3+ Rxb3 22.Rc3 Rxc3
23.bxc3 fxe4 24.fxe4 Rxf1+ 25.Kxf1 Ndf6 26.Nf2 e6 27.Ke2 Kf7 28.Kd3 Ke7 29.c4 Nc7
30.d5 Nd7 31.dxe6  1/2-1/2

[Event "Yerevan op"]
[Site "Yerevan"]
[Date "1996.??.??"]
[Round "8"]
[White "Voskanian, Vahagn"]
[Black "Aronian, Levon"]
[Result "1/2-1/2"]
[WhiteElo "2410"]
[BlackElo "2310"]

1.Nf3 Nf6 2.c4 g6 3.g3 Bg7 4.Bg2 O-O 5.O-O d5 6.cxd5 Nxd5 7.d4 Nc6 8.e4 Nb6
9.d5 Na5 10.Nc3 c6 11.dxc6 Nxc6 12.Nd5 Bg4 13.h3 Bxf3 14.Qxf3 e6 15.Nxb6 Qxb6
16.Rb1 Qa6 17.Qa3 Qxa3 18.bxa3 b6 19.Rd1 Nd4 20.Bf1 Rfd8 21.Kg2 Nc2 22.Be2 Rxd1
23.Bxd1 Rc8 24.a4 Bf8 25.Bd2 Na3 26.Rc1 Rxc1 27.Bxc1 Nb1 28.Kf3 Nc3 29.Bb3 Bc5
30.Be3 Bb4 31.Bd4 b5 32.axb5 Nxb5 33.Bf6 Bc5 34.Ba4 Nd6 35.Bc6 Kf8 36.Ke2 Ne8
37.Bd8 e5 38.f4 exf4 39.gxf4 Ng7 40.Bd7 Ne6 41.Bxe6 fxe6 42.Kd3 Ke8 43.Bf6 Kd7
44.Bd4 Bxd4 45.Kxd4 Kd6  1/2-1/2

[Event "Yerevan ol (Women)"]
[Site "Yerevan"]
[Date "1996.??.??"]
[Round "9"]
[White "Voronova, Tatiana"]
[Black "Aginian, Nelly"]
[Result "1-0"]
[WhiteElo "2255"]
[BlackElo "2075"]

1.Nf3 Nf6 2.g3 g6 3.c4 Bg7 4.Bg2 O-O 5.O-O d5 6.d4 dxc4 7.Na3 Nc6 8.Nxc4 Nd7
9.Bf4 Nb6 10.Nce5 Nxe5 11.Bxe5 c6 12.Bxg7 Kxg7 13.Qc2 Be6 14.Rfd1 Bf5 15.e4 Bg4
16.Rd2 Bxf3 17.Bxf3 e6 18.a4 a5 19.Qb3 Rb8 20.Qc3 Qf6 21.Bg2 Ra8 22.Qb3 Qd8
23.Qc3 Kg8 24.b3 Qf6 25.Rad1 Rfd8 26.Qc5 Nd7 27.Qd6 Rac8 28.h4 Qg7 29.Kh2 Qh6
30.Kg1 b6 31.f4 Qf8 32.Qxf8+ Kxf8 33.Kf2 Nb8 34.Bf1 Rd6 35.Ke3 Rcd8 36.Bc4 Ke7
37.g4 R6d7 38.Be2 Rb7 39.Rc2 Rbd7 40.Rcd2 Rb7 41.Rb2 c5 42.Bb5 cxd4+ 43.Rxd4 Rc7
44.Rxd8 Kxd8 45.Rd2+ Ke7 46.g5 Rc1 47.Rd3 Rh1 48.Kd4 Rc1 49.Rc3 Rd1+ 50.Ke5 Nd7+
51.Bxd7 Kxd7 52.h5 gxh5 53.Rh3 Ke8 54.Rxh5 Rd3 55.Rxh7 Rxb3 56.Rh8+ Ke7 57.Rb8 Rb4
58.Rb7+ Ke8 59.f5 exf5 60.exf5 Rg4 61.Kf6 Rxa4 62.Rxb6 Rf4 63.Ra6 a4 64.Ra7 Kd8
65.Rxf7 a3 66.Ra7 Rb4 67.g6 Rb6+ 68.Kg5  1-0

[Event "Yerevan ol (Women)"]
[Site "Yerevan"]
[Date "1996.??.??"]
[Round "9"]
[White "Foisor, Cristina Adela B"]
[Black "Xie Jun"]
[Result "1/2-1/2"]
[WhiteElo "2375"]
[BlackElo "2510"]

1.c4 Nf6 2.Nf3 g6 3.g3 Bg7 4.Bg2 O-O 5.O-O d6 6.Nc3 e5 7.d3 Re8 8.e4 Nc6
9.h3 Nd7 10.Bg5 f6 11.Be3 f5 12.exf5 gxf5 13.Ng5 Nf6 14.Nd5 h6 15.Nxf6+ Qxf6
16.Bd5+ Kh8 17.Qh5 Rf8 18.Nf7+ Kh7 19.Ng5+ Kh8 20.Nf7+  1/2-1/2

[Event "Yerevan ol (Men)"]
[Site "Yerevan"]
[Date "1996.??.??"]
[Round "11"]
[White "Ehlvest, Jaan"]
[Black "Topalov, Veselin"]
[Result "1/2-1/2"]
[WhiteElo "2660"]
[BlackElo "2750"]

1.Nf3 Nf6 2.c4 g6 3.g3 Bg7 4.Bg2 O-O 5.O-O d6 6.Nc3 e5 7.d3 c6 8.Rb1 Re8
9.e4 a5 10.a3 Na6 11.b4 axb4 12.axb4 h6 13.Be3 Nc7 14.b5 Ne6 15.bxc6  1/2-1/2

[Event "Yerevan ol (Men)"]
[Site "Yerevan"]
[Date "1996.??.??"]
[Round "12"]
[White "McNab, Colin Anderson"]
[Black "Yurtaev, Leonid"]
[Result "1/2-1/2"]
[WhiteElo "2465"]
[BlackElo "2515"]

1.c4 g6 2.g3 Bg7 3.Bg2 Nf6 4.Nf3 O-O 5.O-O d6 6.d4 Nbd7 7.Qc2 e5 8.Rd1 Re8
9.e4 c6 10.Nc3 Qe7 11.d5 c5 12.a3 b6 13.b4 h5 14.Bg5 Nf8 15.bxc5 bxc5 16.Rab1 Qd7
17.Bd2 Ng4 18.h3 Nf6 19.Rb3 N6h7 20.Rdb1 Bf6 21.Rb8 Ba6 22.Rxe8 Rxe8 23.Bf1 Bd8
24.Nb5 Nf6 25.Re1 Bc8 26.Kh2 a6 27.Nc3 Ba5 28.Rb1 Qd8 29.Na4 Bxd2 30.Nxd2 h4
31.Nb6 hxg3+ 32.fxg3 Nh5 33.Nxc8 Qxc8 34.Be2 Ng7 35.Rb6 Qc7 36.Qb2 Nd7 37.Rb7 Rb8
38.Rxb8+ Nxb8 39.Nf3 Nd7 40.h4 Nf6 41.Ng5 Nh7 42.Nh3 Nf8  1/2-1/2

[Event "Yerevan ol (Men)"]
[Site "Yerevan"]
[Date "1996.??.??"]
[Round "13"]
[White "Nasybullin, Vladislav"]
[Black "Antonio, Rogelio Jr"]
[Result "1/2-1/2"]
[WhiteElo "2440"]
[BlackElo "2530"]

1.Nf3 Nf6 2.c4 g6 3.g3 Bg7 4.Bg2 O-O 5.O-O c5 6.Nc3 Nc6 7.d3 a6 8.a3 Rb8
9.Rb1 b5 10.cxb5 axb5 11.b4 cxb4 12.axb4 d6 13.Bg5 h6 14.Bd2 Bd7 15.Qb3 Be6
16.Qc2 Qd7 17.Rfc1 Rfc8 18.Qd1 Ne8 19.Ne1 Ne5 20.Nd5 Bxd5 21.Bxd5 e6 22.Bg2 d5
23.Bf4 Rxc1  1/2-1/2

[Event "Yerevan ol (Men)"]
[Site "Yerevan"]
[Date "1996.??.??"]
[Round "13"]
[White "Hoang Than Trang"]
[Black "Nedev, Trajce"]
[Result "1/2-1/2"]
[WhiteElo "2360"]
[BlackElo "2415"]

1.Nf3 Nf6 2.c4 g6 3.g3 Bg7 4.Bg2 O-O 5.O-O d6 6.d4 Nbd7 7.Nc3 e5 8.e4 a6
9.Re1 exd4 10.Nxd4 Re8 11.b3 Ng4 12.Bb2 Nc5 13.f4 f5 14.Qd2 c6 15.exf5 Bxf5
16.Nxf5 gxf5 17.h3 Qb6 18.Kh1 Nd3 19.hxg4 Nf2+ 20.Kh2 Nxg4+ 21.Kh1 Qf2 22.Qxf2 Nxf2+
23.Kh2 Nd3 24.Rxe8+ Rxe8 25.Na4 Nxb2 26.Nxb2 Bxb2 27.Rd1 Ba3 28.Bh3 Rf8 29.Re1 Rf7
30.Re6 Kg7 31.Kg1 Kf8 32.Kf2 Bc5+ 33.Ke2 b5 34.Bg2 bxc4 35.bxc4 Rg7 36.Rf6+ Ke7
37.Rxf5 Rxg3 38.Bxc6 Re3+ 39.Kd2 Ra3 40.Rh5 Rxa2+ 41.Kd3 Ra3+ 42.Kc2 a5 43.Rxh7+ Kf6
44.Rh8 Bb4 45.Bd5 Rc3+ 46.Kb1 a4 47.Rf8+  1/2-1/2

[Event "Yerevan ol (Women)"]
[Site "Yerevan"]
[Date "1996.??.??"]
[Round "13"]
[White "Foisor, Cristina Adela B"]
[Black "Brustman, Agnieszka"]
[Result "0-1"]
[WhiteElo "2375"]
[BlackElo "2370"]

1.c4 Nf6 2.Nf3 g6 3.g3 Bg7 4.Bg2 O-O 5.O-O d6 6.Nc3 e5 7.d3 Nc6 8.Rb1 a5
9.a3 Nd4 10.Bg5 Ne6 11.Bxf6 Bxf6 12.b4 axb4 13.axb4 Bg7 14.b5 f5 15.Nd5 Kh8
16.Nd2 Ra2 17.Nb3 h5 18.Ra1 Rxa1 19.Qxa1 h4 20.Qa7 f4 21.Nc3 b6 22.Ne4 Bf6
23.Bf3 Qe7 24.g4 h3 25.Kh1 Bg5 26.Nbd2 Bh4 27.Nc3 Qh7 28.Nd5 Bd8 29.Ne4 Nd4
30.Rg1 Be6 31.Qb7 Qd7 32.Nb4 Nb3 33.Nc3 Bh4 34.Ne4 Nc5 35.Qc6 Nxe4 36.Bxe4 Bxf2
37.Qxd7 Bxd7 38.Ra1 Bxg4 39.Bf3 Bf5 40.Nd5 g5 41.Nxc7 g4 42.Bd5 g3 43.hxg3 fxg3
44.Ra8 Rxa8 45.Bxa8 e4  0-1

[Event "Zaragoza-B op"]
[Site "Zaragoza"]
[Date "1996.??.??"]
[Round "?"]
[White "Vila, Aurelio"]
[Black "Granero Roca, Antonio"]
[Result "1-0"]
[WhiteElo "2295"]
[BlackElo "2270"]

1.c4 Nf6 2.Nf3 g6 3.g3 Bg7 4.Bg2 O-O 5.O-O c5 6.d4 cxd4 7.Nxd4 Nc6 8.Nc3 d6
9.Nxc6 bxc6 10.Bxc6 Rb8 11.Bg2 Qa5 12.Qd2 Ba6 13.Nd5 Qxd2 14.Nxe7+ Kh8 15.Bxd2 Rxb2
16.Bf4 Bxc4 17.Bxd6 Rd8 18.Be5 Rxe2 19.Nc6 Rd7 20.Rfc1 Be6 21.a4 Rdd2 22.Rd1 Ng4
23.Bxg7+ Kxg7 24.Rxd2 Rxd2 25.Nxa7 Nxf2 26.Nc6 Nh3+ 27.Bxh3 Bxh3 28.Ne5 Rg2+
29.Kh1 Re2 30.Nd3 Bg2+ 31.Kg1 Ba8 32.Nf2 g5 33.a5 h5 34.a6 Kg6 35.a7 g4 36.Kf1 Rc2
37.Ke1 f5 38.Ra6+ Kg5 39.Nd3 Rc6 40.Rxc6 Bxc6 41.Kf2 h4 42.Ke3 Ba8 43.Kd4 hxg3
44.hxg3 Kf6 45.Nf4 Bb7 46.Kc5 Ke5 47.Kb6 Ba8 48.Kc7 Ke4 49.Kb8 Bc6 50.Ne6 Bd5
51.Nf4 Bc6 52.Kc7 Ba8 53.Kd6 Kf3 54.Nh5 Bb7 55.Ke5 Be4 56.Nf6 Ba8 57.Nh5 Be4
58.Kd4 Ba8 59.Kc5 f4 60.gxf4 g3 61.Nxg3 Kxf4 62.Ne2+ Ke4 63.Nd4 Ke5 64.Nb5 Bh1
65.Kb6 Ke6 66.Kc7 Ba8 67.Nd4+ Ke7 68.Nc6+ Ke6 69.Na5 Ke7 70.Nb7 Ke6 71.Kb8 Kd7
72.Nc5+ Kd8 73.Na4 Bh1 74.Nb6 Bg2 75.Nc4 Ba8 76.Nd6 Kd7 77.Nb7 Kc6 78.Kxa8 Kc7
79.Na5  1-0

[Event "Zaragoza-B op"]
[Site "Zaragoza"]
[Date "1996.??.??"]
[Round "?"]
[White "Vila, Aurelio"]
[Black "Palacios Perez, Manuel"]
[Result "1/2-1/2"]
[WhiteElo "2295"]
[BlackElo "2150"]

1.c4 Nf6 2.Nf3 g6 3.g3 Bg7 4.Bg2 O-O 5.O-O d6 6.d4 c5 7.Nc3 Nc6 8.dxc5 dxc5
9.Bf4 Be6 10.Qa4 Qb6 11.Qb5 Nh5 12.Be3 Qxb5 13.cxb5 Nd4 14.Ng5 Bc4 15.Bxb7 Rab8
16.Bg2 Bxb5 17.Bxd4 cxd4 18.Nxb5 Rxb5 19.Ne4 Rxb2 20.Bf3 Rc8 21.a4 Bh6 22.h4 Ng7
23.Rfb1 Rcb8 24.Rxb2 Rxb2 25.Nc5 Rc2 26.Nd3 Nf5 27.Rb1 Nd6 28.Rb8+ Kg7 29.Ra8 Rc7
30.Bd5 Nc8 31.a5 Bd2 32.Ne5 e6 33.Bg2 Bxa5 34.Rb8 Nd6 35.Nc6 Bb6 36.h5 Rc8
37.Rxc8 Nxc8 38.Nb4 a5 39.Na2 gxh5 40.Bf3 Kg6 41.Be4+ f5 42.Bc6 e5 43.Kg2 Nd6
44.Nc1 e4 45.Nb3 Nc4 46.Bb5 Nb2 47.Nd2 Nd1 48.Nc4 Bc7 49.f3 Nc3 50.Be8+ Kg5
51.fxe4 Nxe4 52.Bc6 Nxg3 53.Nxa5 Nxe2 54.Nb3 d3 55.Kf3 Bb6 56.Bb5 Nf4 57.Nd2 h4
58.Nc4 Ne2 59.Ba6 Ng1+ 60.Kg2 h3+ 61.Kh1 Bd4 62.Nd2 Kf4 63.Bxd3 Ke3 64.Bxf5 Kxd2
65.Bxh7 Ke1 66.Bf5 Kf2 67.Bg4 Kf1 68.Bd7 Bc5 69.Bg4 Bb6 70.Bd7 Kf2 71.Bg4 Ba7
72.Bd7 Be3 73.Bg4 Bg5 74.Bd7 Bh4 75.Bg4 Bf6 76.Bd7 Bd4 77.Bg4 Be3 78.Bd7 Bh6
79.Bg4 Bg7 80.Bd7 Bc3 81.Bg4 Kf1 82.Bd7 Ba5 83.Bg4 Bc3 84.Bd7 Bd2 85.Bg4 Kf2
86.Bd7 Ba5 87.Bg4 Bb6 88.Bd7 Bd8 89.Bg4 Bh4 90.Bd7 Kf1 91.Kh2 Kf2 92.Kh1 Be7
93.Bg4 Bf6 94.Bd7 Bd4 95.Bg4 Kg3 96.Bxh3 Ne2 97.Bd7 Nf4 98.Bc8 Nd3 99.Ba6 Ne5
100.Be2 Be3  1/2-1/2

[Event "Zaragoza op"]
[Site "Zaragoza"]
[Date "1996.??.??"]
[Round "5"]
[White "Eslon, Jaan"]
[Black "Del Rey, Diego"]
[Result "1/2-1/2"]
[WhiteElo "2410"]
[BlackElo "2350"]

1.Nf3 Nf6 2.c4 g6 3.g3 Bg7 4.Bg2 O-O 5.O-O d6 6.Nc3 c6 7.d4 Bf5 8.Nh4 Be6
9.d5 cxd5 10.cxd5 Bd7 11.Be3 Qa5 12.a3 Rc8 13.b4 Qa6 14.Bd4 Ne8 15.Bxg7 Nxg7
16.Qd2 Qb6 17.Rfc1  1/2-1/2

[Event "Zaragoza op"]
[Site "Zaragoza"]
[Date "1996.??.??"]
[Round "7"]
[White "Antunes, Antonio"]
[Black "Strikovic, Aleksa"]
[Result "0-1"]
[WhiteElo "2545"]
[BlackElo "2520"]

1.Nf3 Nf6 2.c4 g6 3.g3 Bg7 4.Bg2 O-O 5.d4 d6 6.O-O Nbd7 7.Qc2 e5 8.Rd1 Re8
9.dxe5 dxe5 10.e4 c6 11.h3 Qe7 12.b3 Nc5 13.Nc3 Nfd7 14.Ba3 Qf6 15.b4 Ne6
16.Bb2 Ng5 17.Nxg5 Qxg5 18.c5 Nf8 19.Ne2 Qh5 20.Kh2 Bg4 21.Re1 Ne6 22.Rad1 Ng5
23.Ng1 Bxd1 24.Rxd1 Rad8 25.Re1 Ne6 26.Qc4 Rd2 27.Bc1 Rxf2 28.Be3 Rf6 29.g4 Qh4
30.Qc1 Rd8 31.Rd1 Rxd1 32.Qxd1 Bh6 33.Nf3 Rxf3 34.Qxf3 Bf4+ 35.Bxf4 Nxf4
36.Qe3 Qd8 37.Bf3 Kg7 38.Kg3 g5 39.Qc3 Kf6 40.a3 Qd4 41.Qxd4 exd4 42.h4 Ke5
43.hxg5 Ne6 44.Kh4 d3 45.a4 Kf4 46.Bd1 Nxg5 47.e5 Ne4 48.Kh5 Nc3 49.Bb3 d2
50.Kh6 Kxe5 51.a5 a6  0-1

[Event "Zlin op"]
[Site "Zlin"]
[Date "1996.??.??"]
[Round "?"]
[White "Dubina, P."]
[Black "Helbich, Jan"]
[Result "1-0"]
[WhiteElo "1975"]
[BlackElo "2135"]

1.c4 Nf6 2.Nf3 g6 3.g3 Bg7 4.Bg2 O-O 5.O-O d6 6.d4 Nbd7 7.Nc3 e5 8.e4 c6
9.b3 Re8 10.Bb2 exd4 11.Nxd4 Nc5 12.Qc2 Qb6 13.Rfe1 Bg4 14.h3 Bd7 15.Rad1 Re7
16.Bc1 Rae8 17.Be3 Qc7 18.Bf4 Nh5 19.Ndb5 cxb5 20.Nd5 Qc6 21.Nxe7+ Rxe7 22.Bxd6 Bf8
23.cxb5 Qxb5 24.Qxc5  1-0

[Event "RUS-Cup6"]
[Site "Krasnodar"]
[Date "1997.03.11"]
[Round "1"]
[White "Vaulin, Alexander"]
[Black "Zangiev, Pavel"]
[Result "1-0"]
[WhiteElo "2490"]
[BlackElo "2270"]

1.c4 Nf6 2.g3 g6 3.Bg2 Bg7 4.Nf3 O-O 5.d4 d6 6.O-O c6 7.Nc3 Qb6 8.b3 Qa5
9.Qd2 Re8 10.Bb2 Bg4 11.Rad1 Qh5 12.d5 Bh6 13.Qe1 Nbd7 14.dxc6 bxc6 15.h4 Rac8
16.Nh2 Be6 17.e4 Qa5 18.Qe2 Bg7 19.Rfe1 Nh5 20.Rc1 Bd4 21.Nf1 Ne5 22.Ne3 Nf6
23.Red1 c5 24.Na4 Nc6 25.Bc3 Bxc3 26.Nxc3 Nd4 27.Qd3 Ng4 28.f4 Nxe3 29.Qxe3 Bg4
30.Rf1 e6 31.e5 Bf5 32.exd6 Qd8 33.Nb5 Nxb5 34.cxb5 Qxd6 35.Rfd1 Qb6 36.a4 Bg4
37.Rd2 h5 38.Kh2 Qa5 39.Rd6 Qb4 40.Rc4 Qa3 41.Rc6 Rcd8 42.R6xc5 Bf5 43.Rc7 Qa2
44.Rd4 Bg4 45.Rcd7 Rxd7 46.Rxd7 e5 47.Rd2 Qa1 48.fxe5 Rxe5  1-0

[Event "RUS-Cup7"]
[Site "Kstovo"]
[Date "1997.05.03"]
[Round "3"]
[White "Loginov, Valery A"]
[Black "Varavin, Viktor"]
[Result "1-0"]
[WhiteElo "2555"]
[BlackElo "2505"]

1.Nf3 Nf6 2.g3 g6 3.c4 Bg7 4.Bg2 O-O 5.d4 d6 6.O-O Nbd7 7.Qc2 e5 8.Rd1 Qe7
9.Nc3 c6 10.b3 Re8 11.Rb1 h6 12.e4 exd4 13.Nxd4 Nc5 14.f3 Bd7 15.Bf4 Rad8
16.Nde2 Be6 17.b4 g5 18.Be3 Ncd7 19.Bxa7 Ne5 20.Nd4 Nxc4 21.Qe2 Nd7 22.Nxe6 Qxe6
23.Bd4 Be5 24.b5 Nc5 25.Kh1 Bxd4 26.Rxd4 d5 27.f4 Nd6 28.bxc6 bxc6 29.e5 Nf5
30.Rd2 d4 31.Ne4 Nxe4 32.Qxe4 c5 33.Bh3 Nxg3+ 34.hxg3 Qxh3+ 35.Rh2 Qe6 36.Rd1 Qd5
37.Qxd5 Rxd5 38.Rxh6 c4 39.Rc6 c3  1-0

[Event "RUS-Cup7"]
[Site "Kstovo"]
[Date "1997.05.05"]
[Round "5"]
[White "Sichinava, Roman"]
[Black "Yandemirov, Valeri"]
[Result "1/2-1/2"]
[WhiteElo "2465"]
[BlackElo "2500"]

1.c4 Nf6 2.Nf3 g6 3.g3 Bg7 4.Bg2 O-O 5.O-O c6 6.Nc3 d5 7.cxd5 cxd5 8.d4 Ne4
9.Bf4 Nc6 10.Rc1 Nxc3 11.bxc3 Na5 12.Nd2 Be6 13.Nb3 Rc8 14.Re1 Nxb3 15.Qxb3 Qd7
16.a4 b6 17.a5 b5 18.a6 Qc6 19.Qa3 Bf6 20.h4 Qb6 21.Bg5 Bxg5 22.hxg5 Rc7
23.Ra1 Rfc8 24.Qa5 Qxa5 25.Rxa5 Bd7 26.Bxd5 Rxc3 27.Ra2 e6 28.Bb7 R8c4 29.e3 b4
30.Rb2 b3 31.Reb1 Rc1+ 32.Rxc1 Rxc1+ 33.Kg2 Ba4 34.Be4 Kg7 35.Kf3 Rc2 36.Rb1 Rd2
37.Rc1 Bb5 38.Rc7 Bxa6 39.Rxa7 Be2+ 40.Kf4 Bc4 41.f3 b2 42.Rb7 Ba2 43.g4 Re2
44.Rb8 Rg2 45.Ke5 Re2 46.Kf4 h6 47.gxh6+ Kxh6 48.g5+ Kg7 49.Rb7 Rg2 50.Bd3 Rd2
51.Be4 Rg2 52.Bd3 Bd5 53.Rb8 Ba2 54.Rb7 Bd5 55.Rb8  1/2-1/2

[Event "RUS-Cup7"]
[Site "Kstovo"]
[Date "1997.05.08"]
[Round "7"]
[White "Sichinava, Roman"]
[Black "Varavin, Viktor"]
[Result "1-0"]
[WhiteElo "2465"]
[BlackElo "2505"]

1.c4 Nf6 2.Nf3 g6 3.g3 Bg7 4.Bg2 O-O 5.Nc3 d6 6.O-O e5 7.d3 Re8 8.Bg5 h6
9.Bxf6 Bxf6 10.Qd2 Bg7 11.b4 Nc6 12.b5 Nd4 13.Nxd4 exd4 14.Nd5 Bg4 15.Rfe1 Qd7
16.Nb4 Rab8 17.a4 Bh3 18.Bh1 Bf6 19.Qxh6 Re5 20.Nd5 Bg7 21.Qf4 Kf8 22.Bf3 c6
23.bxc6 bxc6 24.Nf6 Qe7 25.Bg4 Bxg4 26.Nxg4 Rf5 27.Qd2 Rg5 28.Rab1 Re8 29.h3 Rh5
30.Kg2 Be5 31.e3 dxe3 32.Rxe3 f5 33.Nxe5 dxe5 34.Rbe1 f4 35.gxf4 Qh4 36.Rf3 Rf5
37.Rxe5 Rexe5 38.fxe5 Rxf3 39.Kxf3 Qxh3+ 40.Ke2 Qg4+ 41.Kf1 Qh3+ 42.Ke2 Qh5+
43.Ke3 Qxe5+ 44.Kf3 Kg7 45.d4 Qe7 46.Kg2 a5 47.Qf4 Qd7 48.Qe5+ Kh6 49.Kg3 Kh7
50.Qxa5 Qxd4 51.Qc7+ Kh8 52.Qxc6 Qd1 53.a5 Qg1+ 54.Qg2 Qc1 55.Qd5 Qg1+ 56.Kf3 Qh1+
57.Ke2 Qb1 58.Kf3 Qh1+ 59.Kf4 Qh4+ 60.Ke3 Qh3+ 61.f3 Qh6+ 62.Kd3 Qc1 63.Qa8+ Kg7
64.Qb7+ Kh6 65.a6 Qd1+  1-0

[Event "Capablanca 32th Elite"]
[Site "Cienfuegos"]
[Date "1997.05.09"]
[Round "4"]
[White "Nogueiras, Jesus"]
[Black "Hernandez, Gilberto"]
[Result "1-0"]
[WhiteElo "2545"]
[BlackElo "2540"]

1.Nf3 Nf6 2.c4 g6 3.g3 Bg7 4.Bg2 O-O 5.O-O d6 6.d4 c6 7.Nc3 Qa5 8.e4 e5 9.h3 Nbd7
10.Re1 exd4 11.Nxd4 Ne5 12.Bf1 Re8 13.Rb1 c5 14.Nb3 Qd8 15.Be3 Be6 16.Nd2 a6
17.f4 Nc6 18.Bf2 Qa5 19.Nf3 Rad8 20.a3 Qc7 21.Kh2 h6 22.Nd5 Bxd5 23.cxd5 Nb8
24.Qc2 Rc8 25.Rbd1 Nfd7 26.h4 h5 27.Bh3 Rcd8 28.Ng5 Nf6 29.e5 dxe5 30.fxe5 Nxd5
31.e6 f5 32.e7 Rxe7 33.Ne6 Rxe6 34.Rxe6 Qf7 35.Re2 b6 36.Qc4 Nc6 37.Bg2 Nd4
38.Bxd4 Bxd4 39.Bxd5 Rxd5 40.Rde1 Rd7 41.Qxa6 Kg7 42.Qxb6 f4 43.Qc6 Be3 44.Rf1 Qf5
45.Rxe3  1-0

[Event "Vier Laenderkampf"]
[Site "Schoeneck"]
[Date "1997.06.??"]
[Round "1"]
[White "Oswald, Hans Joachim"]
[Black "Doettling, Fabian"]
[Result "1-0"]
[WhiteElo "2335"]
[BlackElo "2310"]

1.Nf3 Nf6 2.c4 g6 3.g3 Bg7 4.Bg2 O-O 5.O-O c5 6.d4 cxd4 7.Nxd4 Nc6 8.Nc3 Qa5
9.Nb3 Qh5 10.e4 Qxd1 11.Rxd1 d6 12.c5 dxc5 13.Nxc5 e5 14.h3 b6 15.Nd3 Bb7
16.Bg5 h6 17.Be3 Rfd8 18.Nd5 Kh7 19.Rac1 Rac8 20.b3 Ne8 21.h4 Nd4 22.Bxd4 exd4
23.Rxc8 Rxc8 24.e5 Rd8 25.N5b4 Bxg2 26.Kxg2 a5 27.Nc6 Rd7 28.Rc1 Nc7 29.Rc4 Ne6
30.f4 Bf8 31.Kf3 Nc5 32.Ke2 Ne4 33.g4 Nc3+ 34.Kf3 Nxa2 35.Rxd4 Rxd4 36.Nxd4 Nb4
37.Nxb4 Bxb4 38.h5 gxh5 39.gxh5 Kg7 40.Ke4 Bc5 41.Nf5+ Kf8 42.Kd5 Bg1 43.Nxh6 b5
44.Ng4 Kg7 45.f5 Bb6 46.h6+ Kh7 47.e6 fxe6+ 48.fxe6 Bd8 49.Kc5 a4 50.bxa4 bxa4
51.Kb4 Bg5 52.Kxa4 Kg6 53.Ne5+  1-0

[Event "Politiken Cup"]
[Site "Copenhagen"]
[Date "1997.07.10"]
[Round "6"]
[White "Salo, Tapio"]
[Black "Brondum, Eric"]
[Result "1/2-1/2"]
[WhiteElo "2325"]
[BlackElo "2240"]

1.Nf3 Nf6 2.c4 g6 3.g3 Bg7 4.Bg2 O-O 5.O-O d6 6.d4 Nbd7 7.Nc3 e5 8.e4 c6
9.b3 exd4 10.Nxd4 Re8 11.h3 Nc5 12.Re1 a5 13.Bf4 Qb6 14.Rb1 Nfxe4 15.Bxe4 Bxh3
16.Qd2 Nxe4 17.Nxe4 Qxd4  1/2-1/2